Geometry Dash Levels (2.1) - Statistics

General Stats
  • This quiz has been taken 4 times
  • The average score is 14 of 21
Answer Stats
Level Name % Correct
2 Back on Track
100%
3 Polargeist
100%
1 Stereo Madness
100%
5 Base After Base
67%
17 Blast Processing
67%
6 Can't Let Go
67%
14 Clubstep
67%
11 Clutterfunk
67%
9 Cycles
67%
20 Deadlocked
67%
4 Dry Out
67%
15 Electrodynamix
67%
13 Electroman Adventures
67%
21 Fingerdash
67%
16 Hexagon Force
67%
7 Jumper
67%
12 Theory of Everything
67%
18 Theory of Everything 2
67%
8 Time Machine
67%
10 xStep
67%
19 Geometrical Denominator
0%
No matching quizzes found
Score Distribution
Percent of People with Each Score
Percentile by Number Answered
Your Score History
You have not taken this quiz